| 000 | 00781nam a2200205Ii 4500 | ||
|---|---|---|---|
| 003 | JO-AjNU | ||
| 008 | 230605s9999||||xx |||||||||||||| ||und|| | ||
| 040 |
_aJO-AjNU _bara _erda _cJO-AjNU |
||
| 041 | _aara | ||
| 050 | 1 | 4 | _aBP189.S566 2002 |
| 100 | 3 |
_aالشنقيطي، المختار بن أحمد فال العلوي ؛ ضبط وتصحيح مرسي محمد علي, _eauthor _935252 |
|
| 245 | 0 | 0 | _aرسالة البيان والتبيان في أن الصوفية مذهبها السنة والقرآن |
| 250 | _aط1 | ||
| 264 | 3 | 1 | _aبيروت: دار الكتب العلمية، 2002 |
| 300 | _a110ص | ||
| 336 |
_atext _btxt _2rdacontent |
||
| 337 |
_aunmediated _bn _2rdamedia |
||
| 338 |
_avolume _bnc _2rdacarrier |
||
| 650 | 4 |
_aالتصوف الاسلامي _935253 |
|
| 999 |
_aA14534 _c18102 _d18102 |
||